000 00512nam a2200181Ia 4500
005 20241128061306.0
008 240331s9999 xx 000 0 und d
020 _a 1555877753
082 _bVOI
_a892
245 0 _aVoices of change :
_bshort stories by Saudi Arabian women writers
260 _aBoulder & London
_bLynne Rienner Publishers
_c1998
300 _aXii, 171 p .,
650 _aArabic Fiction
650 _aShort Stories
650 _aEnglish Literature
700 _aBagadar, A.
_eedt
942 _cL
999 _c3369
_d3369